Improving state enterprise performance <the> role of internal and external incentives
Enregistré dans:
| Auteur principal: | |
|---|---|
| Autres auteurs: | |
| Format: | Livre |
| Langue: | anglais |
| Publié: |
Washington, D.C.
The World Bank
1995
|
| Collection: | World Bank technical paper
No.306 |
| Sujets: | |
| Tags: |
Pas de tags, Soyez le premier à ajouter un tag!
|
MARC
| LEADER | 00000nam a2200000 4500 | ||
|---|---|---|---|
| 001 | c100862 | ||
| 005 | 20221123112452.9 | ||
| 020 | |a 0-8213-3470-0 | ||
| 022 | |a 0253-7494 | ||
| 041 | 0 | |a eng | |
| 044 | |a US | ||
| 245 | 1 | 0 | |a Improving state enterprise performance |b <the> role of internal and external incentives |c Russel Muir and Joseph P. Saba |
| 264 | 1 | |a Washington, D.C. |b The World Bank |c 1995 | |
| 300 | |a 184 s. | ||
| 490 | 1 | |a World Bank technical paper |v No.306 | |
| 830 | 0 | |a World Bank technical paper |v No.306 | |
| 610 | 2 | 0 | |a podnikanie štátne |
| 610 | 2 | 0 | |a podnikanie obchodné |
| 610 | 2 | 0 | |a priemysel |
| 610 | 2 | 0 | |a stimulovanie |
| 610 | 2 | 0 | |a stimulovanie ekonomické |
| 610 | 2 | 0 | |a stimuly |
| 610 | 2 | 0 | |a stimuly ekonomické |
| 610 | 2 | 0 | |a Svetová banka |
| 100 | 1 | |a Muir, Russel | |
| 700 | 1 | |a Saba, Joseph P. | |